000 01068nam a22003137a 4500
001 BR8300070
003 BR-BrBNA
005 20230928091553.0
007 ta
008 230509b bl.||||| |||| 00| 0 por d
040 _aBR-BrBNA
_bpor
_cBiblioteca Nacional de Agricultura
041 _a(Por)
072 _aF25; F60
_b0150
_b3840
_b/G514
_b/GZ74
090 _ 0150 BR8300070
100 1 _aSilva, A.F. da
110 1 _aEscola Superior de Agricultura de Lavras, MG (Brasil)
_0Tese (Mestrado)
245 1 _aAvaliacao de cultivares de arroz (Oryza sativa L.)a saturacao de aluminio em solos sob vegetacao de cerrado [Brasil]
246 1 _a[Evaluation of rice cultivars (Oryza sativa L.)to aluminum saturation in cerrado vegetation [Brazil]]
260 3 _aLavras, MG (Brasil):
_c1982.
300 _a96 p.
500 _a25 illus.; Summaries (Eng, Por); Bibliography p. 74-81 (53 ref.)
650 _aARROZ
650 _aSATURACAO
650 _aCRESCIMENTO
650 _aALUMINIO
650 _aCERRADO
909 _a202309
_bLucia
_c55
_dLucia Elande
942 _cBK
999 _c34465
_d34465